Sports Quiz

Random Sports or NFL Quiz

100+ Receptions (Pittsburgh Steelers) Quiz Stats

 Plays Quiz Updated Jan 3, 2018

Challenge
Share
Tweet
Embed
Score 0/12 Timer 05:00
1 Play Today
Receptions Player % Correct
733Antonio Brown
97.5%
985Hines Ward
92.9%
592Heath Miller
74.3%
120Martavis Bryant
70.7%
312Le'Veon Bell
70.4%
264Plaxico Burress
59.1%
235Santonio Holmes
54.8%
235Mike Wallace
51.1%
184Antwaan Randle El
38.7%
161Emmanuel Sanders
36%
107Markus Wheaton
21.4%
104Nate Washington
10.7%

You're not logged in!

Compare scores with friends on all Sporcle quizzes.
Join for Free
OR
Log In

You Might Also Like...

Show Comments

Extras

Top Quizzes Today


Score Distribution

Your Account Isn't Verified!

In order to create a playlist on Sporcle, you need to verify the email address you used during registration. Go to your Sporcle Settings to finish the process.

Report this User

Report this user for behavior that violates our Community Guidelines.

Details: